La ética ante la muerte y el derecho a morir

Saved in:
Bibliografiske detaljer
Main Authors: Baudouin, Jean Louis (Author), Blondeau, Danielle (Author)
Format: Bog
Sprog:spansk
Udgivet: Barcelona Herder 1995
Fag:
Tags: Tilføj Tag
Ingen Tags, Vær først til at tagge denne postø!

MARC

LEADER 00000nam a2200000 a 4500
001 UCT4251
003 CL-VaPUC
008 961108e19950000SP |||||||||||||||||spa|d
082 0 4 |a 179.7  |b BAU  |2 21 
100 0 |a Baudouin, Jean Louis  |e author  |9 373441 
700 0 |a Blondeau, Danielle  |e author  |9 373442 
245 1 3 |a La ética ante la muerte y el derecho a morir 
300 |a 134 p 
942 |c BK 
945 |d 19961108 00:00:00  |a nastorga 
260 |a Barcelona  |b Herder  |c 1995 
650 0 |a Ética  |9 255099 
650 0 |a Muerte  |9 265114 
650 7 |a DERECHO A MORIR  |2 CL-VaPUC  |9 362088 
650 0 |a Cultura  |9 269059 
650 0 |a Vida  |9 266033 
650 0 |a Conflictos  |9 332195 
650 0 |a Enfermedades  |9 263059 
650 0 |a Médicos   |9 339460 
650 0 |a Familias   |9 255641 
650 0 |a Tolerancia  |9 313098 
650 7 |a HUMANIDAD  |2 CL-VaPUC  |9 309969 
650 0 |a Libertad  |9 255686 
650 7 |a TERAPIAS  |2 CL-VaPUC  |9 373443 
650 0 |a Testamento  |9 258220 
583 |a last modification  |c 19961108 00:00:00  |k Rodrigo Vera 
999 |c 253661  |d 253659 
952 |0 0  |1 0  |4 0  |6 179_700000000000000_BAU_1995  |7 0  |8 DER_TF  |9 274641  |a BIBDER  |b BIBDER  |d 2019-11-19  |i 3249646  |l 1  |o 179.7 BAU 1995  |p 3249646  |r 2023-01-25  |s 2020-03-17  |w 2019-11-19  |x Ubicación 4to Piso  |y BK  |z Estos recursos deben solicitarse con anticipación  |k DER